=LDR 00000nam 2200000 4500 =001 INLIS000000000035852 =005 20130612141658 =008 ***********************************Ind** =035 ##$$0010-061300000035852 =041 ##$$a Ind =082 ##$$a 520.1 =090 ##$$a 520.1, Mat =100 ##$$a PT. Remaja Rosdakarta =245 ##$$a Matematika 2A, SMU Kelas 2 Cawu I =260 ##$$a PT. Remaja Rosdakarya $b Bandung =300 ##$$a 233 hlm, 22cm =850 ##$$a NBPNMAT